Statistics for Hockey Teams Without A Stanley Cup

Click here to take the quiz!

General Stats

  • This quiz has been taken 2,332 times
    (1,658 since last reset)
  • The average score is 8 of 10

Answer Stats

HintAnswer% Correct
PacificSharks
83%
AtlanticPanthers
82%
PacificCanucks
81%
CentralWild
81%
CentralJets
80%
PacificCoyotes
78%
CentralPredators
76%
MetropolitanBlue Jackets
75%
PacificGolden Knights
73%
AtlanticSabres
73%

Score Distribution

Percentile by Number Answered

Percent of People with Each Score

Your Score History

You have not taken this quiz since the last reset